Statistiques concernant Coupes du Monde de Football: Espagne

Cliquez ici pour prendre le quiz!

Statistiques générales

  • Ce quiz a été pris 382 fois
    (209 depuis la dernière actualisation)
  • Le résultat moyen est 29 sur 40

Statistiques - réponses

Réponse% Correct
France
98%
Portugal
98%
Allemagne
95%
RFA
95%
Maroc
93%
Pays-Bas
93%
Russie
93%
Italie
92%
Brésil
90%
Japon
90%
Argentine
89%
Angleterre
85%
Suisse
84%
Uruguay
82%
Chili
80%
Australie
79%
Costa Rica
77%
Etats-Unis
76%
Belgique
75%
Corée du Sud
75%
Mexique
74%
Suède
72%
Iran
70%
Algérie
66%
Paraguay
66%
Danemark
65%
Irlande
65%
Yougoslavie
64%
Tunisie
62%
Tchécoslovaquie
61%
Ukraine
55%
Afrique du Sud
53%
Autriche
52%
Honduras
52%
Arabie Saoudite
50%
Bulgarie
45%
Bolivie
43%
Nigeria
39%
Irlande du Nord
36%
Slovénie
32%

Distribution des résultats

Percentile par nombre de réponses

% des personnes avec chaque résultat

Votre développement - résultats

Vous n’avez pas pris ce quiz depuis la dernière actualisation